00756 2200277 4500001002100000005001700021008004100038020001800079035002400097082001000121090001700131100002700148245008500175250001100260260004000271300002400311500003100335650001400366700002100380850001500401980001400416985000600430986001200436999001500448999001500463YOGYA-0209000003768220090227025301.0 ind  a979-8683-37-4 0010-020900000037682 a380.1 a380.1bPra S aPRASTIWI, Septi Dhanik aStrategi sukses dalam marketingcSepti Dhanik Prastiwi ; editor, Fitri Nurhayati aCet. 1 aYogyakartabEnigma Publishingc2005 avii, 160 hlmb20 cm aBibliografi : hlm. 159-160 aPemasaran aNurhayati, Fitri aYOPDYOG(B) a0503-2006 a2 aMrrtrev a05B0011871 a05B0011872